000 01565cam a22004454i 4500
003 PE-LiUPU
005 20250731184516.0
008 150617s r 000 0 d
035 _a(Sirsi) a16766
040 _aPE-LiUPU
_bspa
_cPE-LiUPU
_erda
049 _aPRUA
082 0 4 _a913.8515
_bP649p
_223
100 1 _aPineda Quevedo, José,
_eautor.
245 1 0 _aPatrones de asentamiento pre-hispánicos en el Valle de Condebamba /
_cJosé Pineda Quevedo.
264 1 _aLima :
_bYaluyalu,
_c1989.
300 _a164 páginas ;
_c29 centímetros.
336 _atext
_2rdacontent
337 _aunmediated
_2rdamedia
338 _avolume
_2rdacarrier
505 0 _aArapuquio -- Campana Orco -- Cerro conga -- Cerro grande -- Condorcucho -- Chagaripe -- Cholocal -- El castillo -- El tambo -- La grama -- La pampa -- Las minas -- La victoria -- Malcas -- Oscol -- Parabamba -- Peña negra -- Quebrada el Choro -- Santa Elena -- Tucubamba.
526 _aP136
526 _aP135
526 _aP134
526 _aP133
526 _aP144
526 _aP143
526 _aP87
526 _aP35
526 _aP20
526 _aP14
526 _aP10
526 _aP06
650 1 4 _aArqueología
_zCajamarca, Perú.
650 2 4 _aExcavaciones (Arqueología)
_zCajamarca, Perú.
910 _ajck
942 _2ddc
_cBK
_n0
949 _a913.8515 P649p
_wDEWEY
_c1
_i33371
_lCCODEBUL1
_mBUL
_r0
_sY
_tBOOK
_u19930207
_xEDUCACION
_zUNKNOWN
_0COMPRA
_o.STAFF. Colección General
980 _81
_gALBERTO SANCHEZ Responsable de Automatización
999 _c16271
_d16271